000 00711nam a2200241Ia 4500
003 OSt
005 20220918195148.0
006 a|||||r|||| 00| 0
007 ta
008 220917b |||||||| |||| 00| 0 eng d
024 _a83,793
037 _cTextual
040 _aARTS
_cARTS
_beng
041 _2eng
_aeng
082 _aS65.1720j796, L9
100 _aFingarette Herbert
_954073
245 0 _aMental disabilities and criminal responsibility
260 _aBerkeley
_bUniv Of clifornia Press
_c1979
650 _aPSYCHOLOGY
700 _a Hasse Ann Fingarette
_989327
942 _hS65.1720j796, L9
_cTEXL
_2CC
999 _c207507
_d207507